000
00337nam a2200133Ia 4500
008
100328s9999 xx 000 0 und d
082
_b
36417
100
_a
बांदोडकर व.पु.
245
_a
टायगर
260
_b
प्रिया
630
_a
टायगर
730
_a
टायगर
942
_c
BOOK
999
_c
526088
_d
526085